| Tag |
First Indicator |
Second Indicator |
Subfields |
| LEADER |
00000cam a2200000 4500 |
| 001 |
in00000080202 |
| 005 |
20151008060853.0 |
| 008 |
730615s1896 nyuaf 00010 eng |
| 010 |
|
|
|a 12030512
|
| 035 |
|
|
|a (OCoLC)00643417
|
| 035 |
|
|
|9 AAJ6777AM
|
| 040 |
|
|
|a DLC
|c KSU
|d SER
|d m.c.
|d TXA
|d UtOrBLW
|
| 049 |
|
|
|a TXAM
|c 1 [1101528], 2 [149769]
|
| 050 |
0 |
0 |
|a PS1064 B3
|b B4 1896
|
| 100 |
1 |
|
|a Bangs, John Kendrick,
|d 1862-1922.
|
| 245 |
1 |
4 |
|a The bicyclers :
|b and three other farces /
|c by John Kendrick Bangs.
|
| 264 |
|
1 |
|a New York :
|b Harper,
|c [1896]
|
| 264 |
|
4 |
|c [©1896]
|
| 300 |
|
|
|a viii, 176 pages :
|b illustrations ;
|c 18 cm.
|
| 336 |
|
|
|a text
|b txt
|2 rdacontent
|
| 337 |
|
|
|a unmediated
|b n
|2 rdamedia
|
| 338 |
|
|
|a volume
|b nc
|2 rdacarrier
|
| 999 |
|
|
|a MARS
|
| 999 |
f |
f |
|s 9c5f45f2-cde6-3654-8d53-c59a17afb097
|i 72101861-51df-3138-b64d-5051a81f1182
|t 0
|
| 952 |
f |
f |
|p ric
|a Texas A&M University
|b Rellis Campus
|c Joint Library Facility
|s JLF
|d Remote Storage
|t 0
|e PS1064 B3 B4 1896
|h Library of Congress classification
|i unmediated -- volume
|m A14806189388
|
| 998 |
f |
f |
|a PS1064 B3 B4 1896
|t 0
|l Remote Storage
|